000 00921cam a2200265 a 4500
001 3998314
003 ARRUPE
005 20130917112017.0
008 960529s1996 nyu b 001 0 eng
010 _a 96024740
020 _a0809136600
040 _aDLC
_cDLC
_dDLC
050 0 0 _aBV4501.2
_b.C856 1996
082 0 0 _a248
_220
100 1 _aCunningham, Lawrence.
_9189
245 1 0 _aChristian spirituality :
_bthemes from the tradition /
_cLawrence S. Cunningham and Keith J. Egan.
260 _aNew York :
_bPaulist Press,
_cc1996.
300 _aiii, 216 p. ;
_c23 cm.
504 _aIncludes bibliographical references (p. 202-210) and index.
650 0 _aSpiritual life
_xChristianity.
_9190
700 1 _aEgan, Keith J.,
_d1930-
_9191
906 _a7
_bcbc
_corignew
_d1
_eocip
_f19
_gy-gencatlg
942 _2lcc
_cMONOGRAPH
999 _c117795
_d117795